00427nam a22000977a 4500008004100000040005500041080002700096245014300123260004900266650001400315230612b |||||||| |||| 00| 0 eng d aNational Science LibrarycNational Science Library a621.039.005(082.2)bM7 aSymposium on indigenous nuclear equipmentc/ Central Complex Auditorium Bhabha Atomic Research Centre Trombay, Bombay 11-13 February, 1987 aIndia: bDepartment of Atomic Energy, c1987 aSymposium